El comercio mexicano-alemán ante la unificación alemana.

Nemecko ako druhý najvýznamnejší obchodný partner Mexika po USA (okrem ropy). Vplyv unifikácie Nemecka na posilnenie vzťahov s Mexikom. Analýza rozvoja obchodu medzi oboma krajinami v 80. rokoch a perspektívy na 90. roky. Zjednotenie Nemecka ako nový impulz pre rozvoj obchodných a globálnych ekonomi...

Ausführliche Beschreibung

Gespeichert in:
Bibliographische Detailangaben
1. Verfasser: Zimmermann de, T.K
Format: Buchkapitel
Sprache:Spanisch
Schlagworte:
Tags: Tag hinzufügen
Keine Tags, Fügen Sie das erste Tag hinzu!

MARC

LEADER 00000naa a2200000 4500
001 r005014
005 20221130102718.1
041 0 |a spa 
044 |a MX 
245 1 0 |a El comercio mexicano-alemán ante la unificación alemana.  |c T.K. Zimmermann de 
520 |a Nemecko ako druhý najvýznamnejší obchodný partner Mexika po USA (okrem ropy). Vplyv unifikácie Nemecka na posilnenie vzťahov s Mexikom. Analýza rozvoja obchodu medzi oboma krajinami v 80. rokoch a perspektívy na 90. roky. Zjednotenie Nemecka ako nový impulz pre rozvoj obchodných a globálnych ekonomických vzťahov. 
610 2 0 |a obchod zahraničný 
610 2 0 |a Mexiko 
610 2 0 |a Nemecko 
610 2 0 |a vzťahy hospodárske vonkajšie 
610 2 0 |a 1980-1999 
610 2 0 |a údaje štatistické 
100 1 |a Zimmermann de, T.K.